[Event "Najdorf Memorial"]
[Site "Warszawa"]
[Date "2015.07.11"]
[Round "2.18"]
[White "Cheparinov, Ivan"]
[Black "Bjornsson, Sigurbjorn"]
[Result "1-0"]
[WhiteElo "2683"]
[BlackElo "2327"]
[Annotator ""]
[Source ""]
[Remark ""]

1.d4 d5 2.c4 c6 3.Nf3 e6 4.Qc2 Nf6 5.Nbd2 Be7 6.g3 O-O 7.Bg2
b6 8.O-O Bb7 9.e4 c5 10.cxd5 exd5 11.e5 Ne4 12.dxc5 Nxd2 13.Bxd2
bxc5 14.Rad1 Na6 15.Rfe1 Nc7 16.Ba5 Qd7 17.Bxc7 Qxc7 18.Nd4 Rac8
19.Nf5 Rfd8 20.e6 fxe6 21.Rxe6 Bf8 22.Qe2 Rd7 23.Re1 d4 24.Re8
Bxg2 25.Qe6+ Kh8 26.Nh6 Bd5 27.Qf5 Bf7 28.Rxc8 Qxc8 29.Nxf7+
Kg8 30.Qe6 1-0

[Event "Najdorf Memorial"]
[Site "Warszawa"]
[Date "2015.07.11"]
[Round "2.19"]
[White "Bus, Konrad"]
[Black "Efimenko, Zahar"]
[Result "0-1"]
[WhiteElo "2108"]
[BlackElo "2652"]
[Annotator ""]
[Source ""]
[Remark ""]

1.d4 Nf6 2.c4 d6 3.Nf3 g6 4.Nc3 Bf5 5.e3 Bg7 6.Bd3 Bxd3 7.Qxd3
O-O 8.O-O Nbd7 9.e4 c5 10.d5 a6 11.a4 Re8 12.h3 Nh5 13.g4 Nhf6
14.Bf4 h5 15.g5 Nh7 16.Rad1 Qa5 17.Rfe1 Qb4 18.Bd2 Qb3 19.a5
b6 20.Ra1 bxa5 21.Ra3 Qxb2 22.Rxa5 Qb7 23.Rb1 Qc8 24.Kg2 Nhf8
25.Ra2 Rb8 26.Rba1 Rb4 27.Rxa6 Nb6 28.R1a2 Nxc4 29.Be1 Nd7 30.Ra8
Qxa8 31.Rxa8 Rxa8 32.Ne2 Nce5 33.Nxe5 Nxe5 34.Qc2 Rba4 35.Bc3
Ra2 36.Qd1 Rb8 37.Ng3 c4 38.Bd4 Nd3 39.Be3 Ra1 0-1

[Event "Najdorf Memorial"]
[Site "Warszawa"]
[Date "2015.07.11"]
[Round "2.20"]
[White "Macieja, Bartlomiej"]
[Black "Przedmojski, Rafal"]
[Result "1-0"]
[WhiteElo "2586"]
[BlackElo "2362"]
[Annotator ""]
[Source ""]
[Remark ""]

1.e4 c5 2.Nf3 d6 3.d4 cxd4 4.Nxd4 Nf6 5.Nc3 a6 6.Be3 e5 7.Nf3
h6 8.Bc4 Be6 9.Bb3 Nbd7 10.O-O Rc8 11.Qe2 Be7 12.Nh4 Bxb3 13.axb3
g6 14.g3 Kf8 15.f3 Kg7 16.Ng2 Qc7 17.Bf2 Qc6 18.Rfd1 Bd8 19.Qd2
Ne8 20.Ne3 Bg5 21.Ncd5 Bxe3 22.Nxe3 Nb6 23.Qb4 Rf8 24.Rd2 Ra8
25.Rd3 Nc8 26.Nc4 b5 27.Ne3 f5 28.Rc3 Qb7 29.Nd5 Rf7 30.Rd3 Ne7
31.Nxe7 Rxe7 32.exf5 gxf5 33.f4 Rc8 34.c3 Qe4 35.Qxe4 fxe4 36.Rd5
Rc6 37.fxe5 dxe5 38.Rd8 Nf6 39.h3 Rd7 40.Rxd7+ Nxd7 41.Rd1 Nf6
42.g4 a5 43.Kf1 a4 44.Bg3 axb3 45.Bxe5 Kg6 46.Ke2 Re6 47.Bd4
Nd5 48.Rf1 Ne7 49.Rf8 Nc6 50.Rg8+ Kf7 51.Rg7+ Kf8 52.Rb7 Nxd4+
53.cxd4 Rc6 54.Rxb5 Rc2+ 55.Ke3 Rxb2 56.Kxe4 Ke7 57.Kf5 Kd6 58.Kg6
Kc6 59.Rb4 Kd5 60.Kxh6 Ke4 61.g5 Kd3 62.h4 Kc3 63.Rb8 Rd2 64.g6
Rxd4 65.h5 b2 66.g7 Rg4 67.Rxb2 Kxb2 68.Kh7 1-0

[Event "Najdorf Memorial"]
[Site "Warszawa"]
[Date "2015.07.11"]
[Round "2.21"]
[White "Sadzikowski, Daniel"]
[Black "Masse, Hugues"]
[Result "1-0"]
[WhiteElo "2477"]
[BlackElo "2222"]
[Annotator ""]
[Source ""]
[Remark ""]

1.Nf3 Nf6 2.c4 c5 3.Nc3 Nc6 4.g3 d5 5.cxd5 Nxd5 6.Bg2 Nc7 7.O-O
e5 8.a3 Be7 9.b4 Be6 10.Rb1 cxb4 11.axb4 f6 12.b5 Nd4 13.Nxd4
exd4 14.Na4 Bd5 15.b6 Bxg2 16.Kxg2 Qd5+ 17.Kg1 Nb5 18.bxa7 Rxa7
19.d3 Bd8 20.e4 dxe3 21.Bxe3 Ra6 22.Bc5 Nd4 23.Bxd4 Qxd4 24.Re1+
Kf8 25.Qh5 Qxa4 26.Rxb7 1-0

[Event "Najdorf Memorial"]
[Site "Warszawa"]
[Date "2015.07.11"]
[Round "2.22"]
[White "Socko, Monika"]
[Black "Paszewski, Mateusz"]
[Result "1-0"]
[WhiteElo "2472"]
[BlackElo "2252"]
[Annotator ""]
[Source ""]
[Remark ""]

1.c4 c6 2.e4 d5 3.exd5 cxd5 4.cxd5 Nf6 5.Qa4+ Nbd7 6.Nc3 g6 7.Nf3
Bg7 8.Bc4 O-O 9.d3 a6 10.Qa3 b6 11.O-O Bb7 12.Re1 Re8 13.Be3
b5 14.Bb3 Nb6 15.Bxb6 Qxb6 16.Qb4 Qd8 17.a4 Nxd5 18.Bxd5 Bxd5
19.axb5 Bxf3 20.gxf3 Qxd3 21.bxa6 Rxa6 22.Rxa6 Qxa6 23.Nd5 Qa8
24.Nxe7+ Kh8 25.Qe4 Rb8 26.Qxa8 Rxa8 27.b4 Bc3 28.Rb1 Rb8 29.b5
Bf6 30.Nc6 Rb6 31.Kf1 Kg8 32.Ke2 Kf8 33.Kd3 Ke8 34.Kc4 Kd7 35.Kc5
Kc7 36.Re1 Rb7 37.Re4 Bg5 38.h4 f5 39.Rb4 Bf6 40.b6+ Kd7 41.Ra4
Bg7 42.Ra7 Kc8 43.Ra8+ Kd7 44.Rd8+ Ke6 45.Rd6+ 1-0

[Event "Najdorf Memorial"]
[Site "Warszawa"]
[Date "2015.07.11"]
[Round "2.23"]
[White "Krysztofiak, Marcin"]
[Black "Snihur, Piotr"]
[Result "1/2-1/2"]
[WhiteElo "2400"]
[BlackElo "2124"]
[Annotator ""]
[Source ""]
[Remark ""]

1.Nf3 d5 2.d4 Nf6 3.c4 e6 4.g3 Be7 5.Bg2 O-O 6.O-O dxc4 7.Ne5
Nc6 8.Bxc6 bxc6 9.Nxc6 Qe8 10.Nxe7+ Qxe7 11.Na3 e5 12.dxe5 Qxe5
13.Nxc4 Qh5 14.e4 Qxd1 15.Rxd1 Nxe4 16.Bf4 Be6 17.Rac1 Rfd8 18.Re1
Nc5 19.Ne5 Nd3 20.Nxd3 Rxd3 21.Rxc7 Rd7 22.Rxd7 1/2-1/2

[Event "Najdorf Memorial"]
[Site "Warszawa"]
[Date "2015.07.11"]
[Round "2.24"]
[White "Szczepkowska-horowska, Karina"]
[Black "Chomczyk, Marek"]
[Result "1-0"]
[WhiteElo "2392"]
[BlackElo "2165"]
[Annotator ""]
[Source ""]
[Remark ""]

1.d4 Nf6 2.c4 e6 3.Nf3 d5 4.Nc3 Bb4 5.cxd5 exd5 6.Bg5 h6 7.Bxf6
Qxf6 8.Qa4+ Nc6 9.e3 O-O 10.Be2 Bf5 11.O-O Rfd8 12.Rfc1 a6 13.a3
Bf8 14.Qd1 Ne7 15.Na4 c6 16.Nc5 Rab8 17.b4 Ng6 18.Ra2 Bd6 19.a4
Bg4 20.g3 Re8 21.Ne1 Bh3 22.Bg4 Bxg4 23.Qxg4 Bxc5 24.bxc5 Re4
25.Qf3 Qg5 26.Rb1 Nh4 27.Qd1 Nf5 28.Ng2 h5 29.h4 Qh6 30.Qf3 g6
31.Rab2 Re7 32.Rb6 Qf8 33.Nf4 Qc8 34.Nd3 Qc7 35.Qf4 Qc8 36.Ne5
Ra8 37.a5 Kg7 38.R1b3 f6 39.Nd3 Ra7 40.Qf3 Nh6 41.Nb4 Qh3 42.Nxd5
Rf7 43.Nf4 Qf5 44.e4 Qd7 45.d5 Ng4 46.Nd3 Ne5 47.Nxe5 fxe5 48.Qc3
Qe7 49.d6 Qf6 50.Qb2 g5 51.hxg5 Qxg5 52.Rxb7 Raxb7 53.Rxb7 h4
54.Rxf7+ Kxf7 55.Qb3+ Kg7 56.Qc3 Kh8 57.d7 Kh7 58.Qe3 Qe7 59.Qd2
hxg3 60.d8Q 1-0

[Event "Najdorf Memorial"]
[Site "Warszawa"]
[Date "2015.07.11"]
[Round "2.25"]
[White "Deszczynski, Adam"]
[Black "Hnydiuk, Aleksander"]
[Result "1/2-1/2"]
[WhiteElo "2356"]
[BlackElo "2370"]
[Annotator ""]
[Source ""]
[Remark ""]

1.e4 e5 2.Nf3 Nc6 3.Bc4 Bc5 4.d3 Nf6 5.O-O d6 6.c3 O-O 7.Bb3
h6 8.Nbd2 a6 9.Re1 Be6 10.h3 Qd7 11.Nf1 Rfe8 12.Bxe6 fxe6 13.Be3
Bxe3 14.Nxe3 Rf8 15.Nh2 Qf7 16.Qe2 Qg6 17.Rf1 Rf7 18.g3 Raf8
19.Rae1 Ne7 20.Kg2 Kh7 21.b4 Qg5 1/2-1/2

[Event "Najdorf Memorial"]
[Site "Warszawa"]
[Date "2015.07.11"]
[Round "2.26"]
[White "Warakomska, Anna"]
[Black "Swiercz, Dariusz"]
[Result "0-1"]
[WhiteElo "2274"]
[BlackElo "2634"]
[Annotator ""]
[Source ""]
[Remark ""]

1.e4 c5 2.Nf3 d6 3.d4 cxd4 4.Nxd4 Nf6 5.Nc3 a6 6.h3 Nc6 7.g4
Qb6 8.Nb3 e6 9.Bg2 Qc7 10.Qe2 Be7 11.Be3 b5 12.a3 Bb7 13.O-O
Ne5 14.Nd2 Rc8 15.g5 Nfd7 16.f4 Nc4 17.Nxc4 Qxc4 18.Qf2 h6 19.h4
hxg5 20.hxg5 e5 21.f5 Nc5 22.f6 gxf6 23.gxf6 Bf8 24.Bxc5 Qxc5
25.Qxc5 Rxc5 26.Rad1 Rc4 27.Kf2 d5 28.exd5 Bxa3 29.bxa3 Rxc3
30.Rd2 Kd7 31.Re1 Kd6 32.Re3 Rhc8 33.Bf3 Rxc2 34.Ree2 Rxd2 35.Rxd2
Rc4 0-1

[Event "Najdorf Memorial"]
[Site "Warszawa"]
[Date "2015.07.11"]
[Round "2.27"]
[White "Rozentalis, Eduardas"]
[Black "Derakhshani, Dorsa"]
[Result "1-0"]
[WhiteElo "2530"]
[BlackElo "2280"]
[Annotator ""]
[Source ""]
[Remark ""]

1.e4 e5 2.Nf3 Nc6 3.Bb5 g6 4.c3 a6 5.Bc4 Nf6 6.Qe2 Bg7 7.d4 d6
8.dxe5 dxe5 9.O-O O-O 10.Rd1 Qe7 11.b3 Na5 12.Ba3 c5 13.Bd5 Nxd5
14.exd5 b6 15.Nbd2 Re8 16.b4 Nb7 17.Nc4 Qc7 18.d6 Qd8 19.bxc5
Nxc5 20.Bxc5 bxc5 21.Rab1 e4 22.Nfd2 Bd7 23.Qe3 Rc8 24.Nb6 Rc6
25.Ndc4 Bf8 26.Nxd7 Qxd7 27.Rd5 f6 28.h3 Re6 29.Rbd1 Kf7 30.Qf4
Kg8 31.a4 a5 32.g4 g5 33.Qf5 Ra6 34.Kg2 Kg7 35.R5d2 Rc6 36.Qd5
Kf7 37.Re1 Bxd6 38.Rxe4 Ra6 39.Rde2 1-0

[Event "Najdorf Memorial"]
[Site "Warszawa"]
[Date "2015.07.11"]
[Round "2.28"]
[White "Hrabinska, Myroslava"]
[Black "Rajlich, Iweta"]
[Result "1/2-1/2"]
[WhiteElo "2270"]
[BlackElo "2409"]
[Annotator ""]
[Source ""]
[Remark ""]

1.e4 d6 2.d4 Nf6 3.Nc3 e5 4.dxe5 dxe5 5.Qxd8+ Kxd8 6.Bg5 Be6
7.Nd5 Nbd7 8.Nf3 c6 9.Nxf6 gxf6 10.Bh4 Kc7 11.Nd2 Bh6 12.f3 Rhg8
13.g4 Bf4 14.Bd3 h5 15.h3 Rh8 16.Ke2 Rh7 17.Bf2 Rah8 18.Rhg1
hxg4 19.hxg4 Nf8 20.Nf1 Ng6 21.Ng3 Bg5 22.Nh5 Nf4+ 23.Nxf4 Bxf4
24.Bg3 Rh2+ 25.Bxh2 Rxh2+ 26.Ke1 c5 27.Be2 b5 28.a4 Bc4 29.Bd3
Bxd3 30.cxd3 b4 31.b3 Bd2+ 32.Kd1 Bc3 33.Rb1 Rd2+ 34.Kc1 Rh2
35.Kd1 Rd2+ 36.Kc1 Rxd3 37.Rh1 Bd4 38.Kc2 Rc3+ 39.Kd2 Kd6 40.Rh7
Ke6 41.Rh8 Rxf3 42.Re8+ Kd6 43.Rd8+ Kc6 44.Rc8+ Kb6 45.Rf8 c4
46.bxc4 Bc3+ 47.Ke2 Rf4 48.Kd3 Rxg4 49.Rxf7 Rg3+ 50.Ke2 a5 51.Rd1
Bd4 52.Rf1 b3 53.R1xf6+ Kc5 54.Rb7 Ba1 55.Ra6 Kxc4 56.Rxa5 Bc3
57.Rab5 b2 58.Kf2 Rh3 59.Kg2 Re3 60.Rxb2 Bxb2 61.Rxb2 Ra3 62.Rb5
Kd4 63.Rb4+ Kc5 64.Rb5+ Kd4 65.Rb4+ Kc5 1/2-1/2

[Event "Najdorf Memorial"]
[Site "Warszawa"]
[Date "2015.07.11"]
[Round "2.29"]
[White "Janik, Igor"]
[Black "Vydeslaver, Alik"]
[Result "0-1"]
[WhiteElo "2261"]
[BlackElo "2398"]
[Annotator ""]
[Source ""]
[Remark ""]

1.e4 d5 2.exd5 Qxd5 3.Nc3 Qa5 4.d4 Nf6 5.Bc4 Bf5 6.Nf3 e6 7.O-O
c6 8.Bf4 Nbd7 9.h3 Be7 10.Qe2 O-O 11.Rfe1 Bb4 12.Bb3 Bxc3 13.bxc3
c5 14.c4 cxd4 15.Nxd4 Bg6 16.Nb5 a6 17.Nd6 Nc5 18.Rad1 Rfd8 19.Rd4
Nfe4 20.Rxe4 Rxd6 21.Bxd6 Nxe4 22.Bf4 Rd8 23.Rd1 h6 24.Rxd8+
Qxd8 25.f3 Nc5 26.Be3 Qd6 27.Kf1 Kf8 28.Ke1 Ke7 29.Qf2 b6 30.Qd2
Qxd2+ 31.Kxd2 Kd6 32.c3 e5 33.Bc2 Bxc2 34.Kxc2 f6 35.Kd2 Kc6
36.Ke2 Na4 37.Kd3 Nb2+ 38.Ke4 Nxc4 39.Bc1 Nd6+ 40.Kd3 Kd5 41.Ba3
h5 42.g4 g6 43.Bc1 b5 44.Bh6 f5 45.gxh5 gxh5 46.Bf8 Nb7 47.Bg7
Nc5+ 48.Ke3 Ne6 49.Bf6 Nf4 50.h4 Ne6 51.Kd3 Nc5+ 52.Ke3 Ke6 53.Bg7
Nd7 54.Kd3 Kd5 55.Bh8 Nc5+ 56.Ke3 f4+ 57.Ke2 e4 58.fxe4+ Kxe4
59.Bd4 Nd3 60.Kd2 Ne5 61.Ke2 Ng4 62.a3 f3+ 63.Kd2 Kf4 0-1

[Event "Najdorf Memorial"]
[Site "Warszawa"]
[Date "2015.07.11"]
[Round "2.30"]
[White "Bilguun, Sumiya"]
[Black "Grabinsky, Vladimir"]
[Result "1-0"]
[WhiteElo "2361"]
[BlackElo "2265"]
[Annotator ""]
[Source ""]
[Remark ""]

1.e4 e5 2.Nf3 Nc6 3.Bc4 Nf6 4.d3 Be7 5.O-O O-O 6.Re1 d6 7.c3
Na5 8.Bb5 a6 9.Ba4 b5 10.Bc2 c5 11.Nbd2 Re8 12.Nf1 Bf8 13.d4
cxd4 14.cxd4 Bg4 15.d5 Qc7 16.Bd3 Nb7 17.h3 Bxf3 18.Qxf3 Nc5
19.Bc2 b4 20.Be3 Be7 21.Rec1 Qd8 22.Bxc5 dxc5 23.Ba4 Rf8 24.Ne3
g6 25.Nc4 Bd6 26.Bc6 Ra7 27.Qe3 Nh5 28.Nxd6 Qxd6 29.Qxc5 Qxc5
30.Rxc5 Nf4 31.Rc2 Rd8 32.Re1 Rc7 33.g3 Nh5 34.Rc4 a5 35.Rc5
Ra7 36.Ba4 Nf6 37.Kg2 Kf8 38.Rc6 Ke7 39.f4 Nd7 40.d6+ Ke6 41.f5+ 1-0

[Event "Najdorf Memorial"]
[Site "Warszawa"]
[Date "2015.07.11"]
[Round "2.31"]
[White "Lach, Aleksandra"]
[Black "Skawinski, Arkadiusz"]
[Result "0-1"]
[WhiteElo "2227"]
[BlackElo "2358"]
[Annotator ""]
[Source ""]
[Remark ""]

1.e4 e6 2.d4 d5 3.Nd2 h6 4.c3 c5 5.exd5 exd5 6.Ngf3 Nf6 7.Bb5+
Nc6 8.Qe2+ Be6 9.Ne5 Qc8 10.f4 Be7 11.dxc5 O-O 12.Bxc6 bxc6 13.b4
Ne4 14.Nxe4 dxe4 15.O-O f5 16.Be3 Bf6 17.Bd4 Qb7 18.Rfb1 Bxe5
19.Bxe5 Qf7 20.Qa6 Rfc8 21.a4 Bc4 22.b5 Kh7 23.Bd4 Re8 24.Qa5
e3 25.bxc6 e2 26.Be5 Qg6 27.Rb7 Rxe5 28.fxe5 f4 29.Re1 f3 30.g3
f2+ 31.Kxf2 Rf8+ 0-1

[Event "Najdorf Memorial"]
[Site "Warszawa"]
[Date "2015.07.11"]
[Round "2.32"]
[White "Polok, Kacper"]
[Black "Mickiewicz, Piotr"]
[Result "1-0"]
[WhiteElo "2213"]
[BlackElo "2356"]
[Annotator ""]
[Source ""]
[Remark ""]

1.e4 c5 2.Nf3 d6 3.d4 cxd4 4.Nxd4 Nf6 5.Nc3 Nc6 6.Bg5 e6 7.Qd2
a6 8.f3 h6 9.Be3 Bd7 10.O-O-O Be7 11.g4 b5 12.h4 Ne5 13.Be2 b4
14.Nb1 d5 15.g5 Nh5 16.exd5 exd5 17.f4 Nc4 18.Bxc4 dxc4 19.Qg2
Qc8 20.f5 O-O 21.f6 Bc5 22.fxg7 Re8 23.gxh6 Rxe3 24.Qg5 Bg4 25.Qxe3
Bxd1 26.Rxd1 Qg4 27.c3 Nf4 28.h7+ Kxh7 29.Qe4+ Kxg7 30.Nf5+ Kf6
31.Qc6+ Kxf5 32.Qxc5+ Kg6 33.Qc6+ Qe6 34.Rd6 Nd3+ 35.Kd2 1-0

[Event "Najdorf Memorial"]
[Site "Warszawa"]
[Date "2015.07.11"]
[Round "2.33"]
[White "Reza, Wojciech"]
[Black "Saatdjian, Thomas"]
[Result "1-0"]
[WhiteElo "2212"]
[BlackElo "2353"]
[Annotator ""]
[Source ""]
[Remark ""]

1.d4 d5 2.c4 c6 3.Nf3 Nf6 4.Nc3 dxc4 5.a4 Bf5 6.Ne5 Nbd7 7.Nxc4
Qc7 8.g3 e5 9.dxe5 Nxe5 10.Bf4 Nfd7 11.Bg2 g5 12.Ne3 gxf4 13.Nxf5
O-O-O 14.O-O fxg3 15.hxg3 Nc5 16.Qc2 a5 17.Rac1 h5 18.Rfd1 Rxd1+
19.Rxd1 Kb8 20.Qd2 Ne6 21.Ne4 Bb4 22.Qc2 Ng4 23.e3 Rd8 24.f3
Ne5 25.Nf6 Rxd1+ 26.Qxd1 Nc4 27.Qc2 Qd8 28.Nxh5 Nxe3 29.Nxe3
Bc5 30.Qc1 Qb6 31.Kf2 Nd4 32.Nf6 Kc8 33.Bh3+ Kd8 34.Nd7 Nb3 35.Nxb6
Nxc1 36.Nbc4 b5 37.Ne5 f6 38.Nxc6+ Kc7 39.axb5 1-0

[Event "Najdorf Memorial"]
[Site "Warszawa"]
[Date "2015.07.11"]
[Round "2.34"]
[White "Lewtak, Damian"]
[Black "Warszawski, Bartosz"]
[Result "1-0"]
[WhiteElo "2341"]
[BlackElo "2233"]
[Annotator ""]
[Source ""]
[Remark ""]

1.e4 c5 2.Nf3 e6 3.d4 cxd4 4.Nxd4 Nc6 5.Nc3 Qc7 6.g3 a6 7.Bg2
Nf6 8.O-O Be7 9.Nb3 O-O 10.a4 b6 11.Nd5 exd5 12.exd5 Bb7 13.dxc6
Bxc6 14.Nd4 Bxg2 15.Kxg2 Bc5 16.Bf4 Qb7+ 17.Qf3 Nd5 18.Nf5 Nxf4+
19.gxf4 Qc6 20.c3 g6 21.Ng3 f5 22.Rfd1 Rae8 23.Rd5 Rf7 24.a5
b5 25.Rad1 Re6 26.Re5 Rfe7 27.Qxc6 Rxc6 28.Rxe7 Bxe7 29.Rxd7
Kf7 30.Ne2 Rd6 31.Ra7 Kf6 32.b4 h5 33.Nd4 Bf8 34.Kf3 h4 35.Rb7
Be7 36.Rb6 g5 37.fxg5+ Kxg5 38.Ne6+ Kh5 39.Rxd6 Bxd6 40.h3 Kg6
41.Nc5 Be5 42.Nxa6 Bxc3 43.Nc7 Bxb4 44.a6 1-0

[Event "Najdorf Memorial"]
[Site "Warszawa"]
[Date "2015.07.11"]
[Round "2.35"]
[White "Dabrowska, Krystyna"]
[Black "Bartel, Michal"]
[Result "1/2-1/2"]
[WhiteElo "2208"]
[BlackElo "2331"]
[Annotator ""]
[Source ""]
[Remark ""]

1.e4 e5 2.Nc3 Nf6 3.f4 d5 4.fxe5 Nxe4 5.Nf3 Be7 6.d4 O-O 7.Bd3
Nxc3 8.bxc3 c5 9.O-O Nc6 10.Qe1 c4 11.Be2 Bf5 12.Bd1 b5 13.Qg3
a5 14.h4 f6 15.Bh6 Rf7 16.Nh2 Qd7 17.Bh5 g6 18.exf6 Bxf6 19.Rae1
Qc7 20.Bf4 Qd8 21.Nf3 Qd7 22.Ne5 Nxe5 23.Bxe5 Raf8 24.Bd1 Be4
25.h5 Bxe5 26.Qxe5 Rf5 27.Qg3 Qf7 28.Rxf5 Qxf5 29.Bg4 Qf4 30.Qxf4
Rxf4 31.Be6+ Kg7 32.hxg6 hxg6 33.a3 Rf6 34.Bd7 Rb6 35.Rb1 b4
36.axb4 Bxc2 37.Rc1 axb4 38.Rxc2 b3 39.Rb2 Ra6 40.Rb1 Kf6 41.Bg4
Ra2 42.Bf3 Ke6 43.Bg4+ Kd6 44.Bd1 Kc6 45.Bxb3 cxb3 46.Rxb3 Rc2
47.Kh2 g5 48.Kh3 g4+ 49.Kxg4 Rxg2+ 50.Kf3 Rh2 51.Ke3 Rh3+ 52.Kd2
Rh2+ 53.Kd3 Rh3+ 54.Kd2 1/2-1/2

[Event "MetLife Warsaw Najdorf Chess Festival  gr. A"]
[Site "Warszawa"]
[Date "2015.07.11"]
[Round "2.36"]
[White "Cukrowski, Filip"]
[Black "Jakubiec, Edyta"]
[Result "1/2-1/2"]
[WhiteElo "2330"]
[BlackElo "2212"]
[Annotator ""]
[Source ""]
[Remark ""]

1.e4 e6 2.d4 d5 3.Nd2 c5 4.c3 cxd4 5.cxd4 dxe4 6.Nxe4 Nc6 7.Nf3
Nf6 8.Nxf6+ Qxf6 9.a3 Bd6 10.Bg5 Qf5 11.Be2 Bd7 12.O-O h6 13.Be3
Ne7 14.Nd2 Bc6 15.Rc1 O-O 16.Bg4 Qg6 17.Bf3 Rfd8 18.Bxc6 Nxc6
19.Qb3 Qh5 20.h3 Na5 21.Qa4 Qd5 22.Nb1 Nc6 23.Nc3 Qf5 24.Rfd1
Ne7 25.Qc2 Qa5 26.Qe2 Qf5 27.Qc2 Qxc2 28.Rxc2 Rac8 29.Rdc1 Bb8
30.g4 Kf8 31.Kg2 a6 32.Na4 Rxc2 33.Rxc2 Bd6 34.Nc5 b6 35.Na4
Rb8 36.Kf3 Ke8 37.Bf4 Bxf4 38.Kxf4 Nd5+ 39.Ke4 Kd7 40.f4 Kd6
41.Nc3 Ne7 42.Ke3 Re8 43.Rf2 Rc8 44.Kd3 Nd5 45.f5 Nxc3 46.bxc3
e5 47.Rb2 b5 48.dxe5+ Kxe5 49.Rb4 h5 50.a4 hxg4 51.hxg4 bxa4
52.Rxa4 Rc6 53.Re4+ Kd6 54.Re8 Kd7 55.Ra8 g6 56.Ra7+ Ke8 57.Kd4
gxf5 58.gxf5 Rf6 59.Ke5 Rc6 60.c4 Rxc4 61.Rxa6 Kf8 62.Ra8+ Kg7
63.f6+ Kh7 64.Ra1 Kg8 65.Rg1+ Kf8 66.Rd1 Kg8 67.Rd7 Rc6 1/2-1/2

[Event "MetLife Warsaw Najdorf Chess Festival  gr. A"]
[Site "Warszawa"]
[Date "2015.07.11"]
[Round "2.37"]
[White "Szostko, Jakub"]
[Black "Kukula, Pawel"]
[Result "1/2-1/2"]
[WhiteElo "2319"]
[BlackElo "2211"]
[Annotator ""]
[Source ""]
[Remark ""]

1.e4 c5 2.Nf3 Nc6 3.d4 cxd4 4.Nxd4 Nf6 5.Nc3 e5 6.Ndb5 d6 7.Bg5
a6 8.Na3 b5 9.Bxf6 gxf6 10.Nd5 f5 11.c3 Bg7 12.exf5 Bxf5 13.Nc2
O-O 14.Nce3 Be6 15.Bd3 f5 16.O-O Kh8 17.Bc2 e4 18.f4 a5 19.g4
Ne7 20.gxf5 Nxd5 21.Nxd5 Bxf5 22.Qe2 b4 23.Rad1 bxc3 24.bxc3
Qh4 25.Qf2 Qh5 26.Ne3 Bxc3 27.Nxf5 Qxf5 28.Qe3 Bb4 29.Qxe4 Qxe4
30.Bxe4 Rae8 31.Bd5 Rf5 32.Kg2 Re2+ 33.Kg3 h5 34.h3 Bc5 35.Bc4
Re3+ 36.Rf3 Re7 37.Rd5 Rxd5 1/2-1/2

[Event "MetLife Warsaw Najdorf Chess Festival  gr. A"]
[Site "Warszawa"]
[Date "2015.07.11"]
[Round "2.38"]
[White "Winiarski, Mikolaj"]
[Black "Percivaldi, Martin"]
[Result "0-1"]
[WhiteElo "2160"]
[BlackElo "2310"]
[Annotator ""]
[Source ""]
[Remark ""]

1.e4 e6 2.d4 d5 3.Nc3 Bb4 4.e5 c5 5.a3 Bxc3+ 6.bxc3 Qa5 7.Bd2
Qa4 8.Qg4 Kf8 9.Qd1 b6 10.dxc5 bxc5 11.Nf3 Ba6 12.Bd3 Ne7 13.O-O
Nd7 14.Re1 Nc6 15.Rb1 h6 16.Qc1 Ke7 17.Bf4 Rab8 18.Rxb8 Rxb8
19.Bxa6 Qxa6 20.Nd2 Na5 21.Qd1 Nc4 22.Qe2 Ndb6 23.Qd3 Qc8 24.Nb3
Na4 25.Bc1 a5 26.f4 g6 27.f5 gxf5 28.Qh3 Qg8 29.Qh4+ Kd7 30.Nxa5
Nxa5 31.Qxa4+ Nc6 32.Qf4 h5 33.Qf2 c4 34.h3 Rb1 35.Kf1 Qb8 36.Bf4
Rxe1+ 37.Kxe1 Qb2 38.Kd2 Qxa3 39.Qb6 Qa7 40.Qxa7+ Nxa7 41.Ke3
Nb5 42.Kd2 Ke7 43.Bg5+ Kf8 44.g3 Kg7 45.Bf6+ Kg6 46.Be7 f4 47.gxf4
Kf5 48.Bg5 Ke4 49.Bh6 Kf3 50.Bg5 Kg3 51.h4 Kg4 52.Be7 Kxf4 53.Bf6
Ke4 54.Bh8 Na7 0-1

[Event "MetLife Warsaw Najdorf Chess Festival  gr. A"]
[Site "Warszawa"]
[Date "2015.07.11"]
[Round "2.39"]
[White "Zujev, Oleg"]
[Black "Rozycki, Bartlomiej"]
[Result "1-0"]
[WhiteElo "2296"]
[BlackElo "2198"]
[Annotator ""]
[Source ""]
[Remark ""]

1.d4 Nf6 2.c4 e6 3.Nc3 Bb4 4.e3 O-O 5.Nf3 d5 6.Be2 c5 7.O-O dxc4
8.Bxc4 b6 9.Qe2 Bb7 10.Rd1 Qe7 11.a3 Bxc3 12.bxc3 Ne4 13.Bb2
Nd7 14.Bd3 Rfd8 15.c4 Rac8 16.Ne5 cxd4 17.Nxd7 Rxd7 18.exd4 Nd6
19.Qh5 Be4 20.d5 exd5 21.cxd5 Bg6 22.Qg4 Rc5 23.Re1 Qd8 24.Rad1
Re7 25.Qd4 f6 26.Re6 Bf7 27.Rxf6 Rxd5 28.Bxh7+ Kh8 29.Rxd6 Rxd4
30.Rxd8+ Rxd8 31.Rxd8+ Kxh7 32.g4 Kg6 33.Kg2 Bc4 34.Kg3 Kf7 35.h4
g6 36.Kf4 a5 37.Kg5 Be2 38.Rd6 Re6 39.Rd7+ Ke8 40.Rg7 Bd3 41.f4
Re2 42.Bd4 Rg2 43.h5 gxh5 44.Kxh5 b5 45.f5 Be2 46.Bc5 Bf3 47.f6
Bd5 48.Re7+ 1-0

[Event "MetLife Warsaw Najdorf Chess Festival  gr. A"]
[Site "Warszawa"]
[Date "2015.07.11"]
[Round "2.40"]
[White "Nowak, Lukasz"]
[Black "Adamski, Jan"]
[Result "1/2-1/2"]
[WhiteElo "2116"]
[BlackElo "2293"]
[Annotator ""]
[Source ""]
[Remark ""]

1.e4 c5 2.Nf3 a6 3.c4 d6 4.d4 Bg4 5.d5 e5 6.Nc3 Be7 7.Be2 Nd7
8.a3 Bxf3 9.Bxf3 Bg5 10.b4 Bxc1 11.Rxc1 Ngf6 12.O-O O-O 13.Qd3
cxb4 14.axb4 a5 15.Rb1 axb4 16.Rxb4 Nc5 17.Qc2 Ra6 18.Rfb1 Qc7
19.g3 Rfa8 20.Bg2 Qd7 21.h4 Ra3 22.f3 Ra1 23.Kh2 g6 24.Bh3 Qd8
25.Kg2 R8a3 26.Nb5 R3a2 27.R4b2 Qa5 28.Rxa1 Rxa1 29.Qc3 Qa6 30.Qc2
Nh5 31.Bg4 Nf6 32.Bh3 Ne8 33.Bc8 Qa8 34.Bh3 Ra5 35.Bg4 h5 36.Bh3
Kg7 37.Kh2 Ra4 38.Bf1 Ra1 39.Kg2 Qa5 40.Qc3 Qd8 41.Qc2 Nc7 42.Nxc7
Qxc7 43.Qd2 Qd8 44.Ra2 Rb1 45.Rb2 Ra1 46.Ra2 Rxa2 47.Qxa2 g5
48.Qf2 Qf6 49.Be2 Qg6 50.Kh2 f5 51.exf5 Qxf5 52.hxg5 Qxg5 53.f4
Qf5 54.Qf3 exf4 1/2-1/2

[Event "MetLife Warsaw Najdorf Chess Festival  gr. A"]
[Site "Warszawa"]
[Date "2015.07.11"]
[Round "2.41"]
[White "Bednarek, Sylwester"]
[Black "Karpus, Michal"]
[Result "1-0"]
[WhiteElo "2291"]
[BlackElo "2114"]
[Annotator ""]
[Source ""]
[Remark ""]

1.e4 e5 2.f4 d5 3.exd5 exf4 4.Nf3 Nf6 5.Bc4 Nxd5 6.O-O Be6 7.Bb3
c5 8.c4 Nb4 9.d4 cxd4 10.Bxf4 Be7 11.Be5 N8c6 12.Bxg7 Rg8 13.Bh6
Qc7 14.Na3 O-O-O 15.Nb5 Qb6 16.Bf4 Rd7 17.Kh1 a6 18.a3 Rg4 19.Bc7
Rxc7 20.Nxc7 Qxc7 21.axb4 Bxb4 22.Qd3 h5 23.Qh7 Qd8 24.Qxh5 Na5
25.Ba2 Qg8 26.c5 Nc4 27.c6 Ne3 28.Bxe6+ fxe6 29.cxb7+ Kxb7 30.Ne5
Rg7 31.Qf3+ Nd5 32.Qd3 Nc7 33.Qb3 a5 34.Rxa5 Qf8 35.Rxf8 1-0

[Event "Najdorf Memorial"]
[Site "Warsaw POL"]
[Date "2015.07.12"]
[Round "3.1"]
[White "Kovalenko, Igor"]
[Black "Olszewski, Michal"]
[Result "1-0"]
[WhiteElo "2682"]
[BlackElo "2562"]
[Annotator ""]
[Source ""]
[Remark ""]

1.e4 c5 2.Be2 g6 3.f4 Bg7 4.Nf3 d5 5.d3 dxe4 6.dxe4 Qxd1+ 7.Bxd1
b6 8.Na3 Ba6 9.c3 Nd7 10.Be2 Bxe2 11.Kxe2 O-O-O 12.Be3 Nh6 13.h3
f6 14.Nc4 Nf7 15.g4 Nd6 16.Ncd2 Kc7 17.Rag1 Kc6 18.h4 Rhe8 19.c4
e5 20.f5 Kc7 21.a3 Bf8 22.fxg6 hxg6 23.h5 g5 24.Ne1 Be7 25.Nd3
Nf8 26.b4 cxb4 27.Nxb4 Ne6 28.Rc1 Nf7 29.Nd5+ Kd7 30.Nb3 Kc6
31.a4 Nf4+ 32.Kf3 Kb7 33.a5 Nxd5 34.cxd5 Rc8 35.axb6 axb6 36.Rb1
Bb4 37.Nd2 Bc5 38.Rhc1 Bxe3 39.Kxe3 Nd6 40.Kd3 b5 41.Rxc8 Rxc8
42.Rf1 b4 43.Ke2 Nb5 44.h6 Nd4+ 45.Kf2 Kb6 46.h7 Rh8 47.Rh1 Kb5
48.Ke3 b3 49.Kd3 Kb4 50.Nc4 Nf3 51.d6 Nh4 52.d7 Ng6 53.Nb6 Nf4+
54.Kd2 Kb5 55.Nd5 Kc6 56.d8Q 1-0

[Event "Najdorf Memorial"]
[Site "Warsaw POL"]
[Date "2015.07.12"]
[Round "3.2"]
[White "Bromberger, Stefan"]
[Black "Volokitin, Andrei"]
[Result "0-1"]
[WhiteElo "2556"]
[BlackElo "2654"]
[Annotator ""]
[Source ""]
[Remark ""]

1.d4 Nf6 2.c4 e6 3.Nf3 b6 4.g3 Ba6 5.Qc2 Bb7 6.Bg2 c5 7.d5 exd5
8.cxd5 Nxd5 9.O-O Be7 10.Rd1 Nc6 11.Qf5 Nf6 12.e4 g6 13.Qf4 O-O
14.e5 Nh5 15.Qc4 d5 16.exd6 Bxd6 17.Nc3 Na5 18.Qd3 Be7 19.Qe2
Qe8 20.Bh6 Ng7 21.Nd5 Bxd5 22.Rxd5 Bf6 23.Qd2 Rd8 24.Re1 Rxd5
25.Qxd5 Qd8 26.Ne5 Qxd5 27.Bxd5 Bxe5 28.Rxe5 Rd8 29.a3 c4 30.Bg5
Re8 31.Bf6 Rxe5 32.Bxe5 Nf5 33.Kf1 Ne7 34.Bg2 f5 35.Ke2 Kf7 36.Ke3
Ke6 37.Bg7 Nb3 38.Kf4 Nc5 39.Kg5 Ng8 40.h4 Kf7 41.Bh6 Ne6# 0-1

[Event "Najdorf Memorial"]
[Site "Warsaw POL"]
[Date "2015.07.12"]
[Round "3.3"]
[White "Bajarani, Ulvi"]
[Black "Durarbayli, Vasif"]
[Result "1/2-1/2"]
[WhiteElo "2515"]
[BlackElo "2630"]
[Annotator ""]
[Source ""]
[Remark ""]

1.d4 Nf6 2.c4 e6 3.Nc3 Bb4 4.f3 d5 5.a3 Bxc3+ 6.bxc3 c5 7.cxd5
Nxd5 8.dxc5 Qa5 9.e4 Nf6 10.Be3 O-O 11.Kf2 Nfd7 12.Qd6 Nc6 13.Nh3
Rd8 14.Qd3 Nxc5 15.Qb5 Qxc3 16.Rc1 Nd3+ 17.Bxd3 Qxd3 18.Qh5 h6
19.Rhd1 Qxa3 20.Rxd8+ Nxd8 21.Rc7 Qb2+ 22.Kg3 b6 23.Bf4 Ba6 24.Be5
Qb5 25.Nf4 Rc8 26.Rxa7 Bb7 27.Bxg7 Rc5 28.Qxh6 Rg5+ 29.Kh4 Rxg7
30.Nh5 Rg6 31.Nf6+ Rxf6 32.Qxf6 Qd7 33.Ra2 Nc6 34.Qg5+ Kh7 35.Rd2
Qc7 36.Kh3 Bc8 37.Qh4+ Kg7 38.Qg5+ Kh7 39.Qh5+ Kg7 40.Qg5+ 1/2-1/2